AH International Schools' Libraries

Spider in the well / (Record no. 49718)

MARC details
000 -LEADER
fixed length control field 01889nam a2200373 4500
020 ## - INTERNATIONAL STANDARD BOOK NUMBER
International Standard Book Number 9780063289475
035 ## - SYSTEM CONTROL NUMBER
System control number 23074558
035 ## - SYSTEM CONTROL NUMBER
System control number (OCoLC)1426045702
040 ## - CATALOGING SOURCE
Original cataloging agency TXL
Language of cataloging eng
Description conventions rda
Transcribing agency TXL
Modifying agency TXL
-- OCLCO
-- IOU
-- FTL
-- GP5
-- OCLCO
-- YDX
-- LMJ
-- VRP
-- JAS
-- JQW
-- JO6
-- INR
-- VP@
-- AZZPT
-- Z#6
-- DLC
042 ## - AUTHENTICATION CODE
Authentication code lccopycat
050 00 - LIBRARY OF CONGRESS CALL NUMBER
Classification number PZ7.1.H364224
Item number Sp 2024
082 00 - DEWEY DECIMAL CLASSIFICATION NUMBER
Classification number [E]
Edition number 23
100 ## - MAIN ENTRY--PERSONAL NAME
Personal name Hannigan, Jess,
Relator term author,
-- illustrator.
9 (RLIN) 86826
245 10 - TITLE STATEMENT
Title Spider in the well /
Statement of responsibility, etc Jess Hannigan.
260 ## - PUBLICATION, DISTRIBUTION, ETC. (IMPRINT)
Name of publisher, distributor, etc Quill Tree Books:
Date of publication, distribution, etc March 19, 2024
300 ## - PHYSICAL DESCRIPTION
Extent 48 pages :
Other physical details color illustrations ;
Dimensions 32 cm.
500 ## - GENERAL NOTE
General note Breaking News: Wishing Well Broken!<br/><br/>The townspeople of Bad Göodsburg are up in arms. With their beloved well busted, none of their important, generous, kindhearted wishes are coming true! Time to send that good-for-nothing Newsboy to investigate. . . .
520 ## - SUMMARY, ETC.
Summary, etc "Breaking News: Wishing Well Broken! The townspeople of Bad Göodsburg are up in arms. With their beloved well busted, none of their important, generous, kindhearted wishes are coming true! Time to send that good-for-nothing Newsboy to investigate..."--
650 #0 - SUBJECT ADDED ENTRY--TOPICAL TERM
Topical term or geographic name as entry element Newspaper vendors
Form subdivision Juvenile fiction.
9 (RLIN) 86827
650 #0 - SUBJECT ADDED ENTRY--TOPICAL TERM
Topical term or geographic name as entry element Wishing wells
Form subdivision Juvenile fiction.
9 (RLIN) 86828
650 #0 - SUBJECT ADDED ENTRY--TOPICAL TERM
Topical term or geographic name as entry element Spiders
Form subdivision Juvenile fiction.
650 #1 - SUBJECT ADDED ENTRY--TOPICAL TERM
Topical term or geographic name as entry element Newspaper vendors
Form subdivision Fiction.
9 (RLIN) 86829
650 #1 - SUBJECT ADDED ENTRY--TOPICAL TERM
Topical term or geographic name as entry element Wishing wells
Form subdivision Fiction.
9 (RLIN) 86830
650 #7 - SUBJECT ADDED ENTRY--TOPICAL TERM
Topical term or geographic name as entry element JUVENILE FICTION / Humorous Stories.
9 (RLIN) 53658
650 #7 - SUBJECT ADDED ENTRY--TOPICAL TERM
Topical term or geographic name as entry element JUVENILE FICTION / Concepts / Money.
9 (RLIN) 86831
650 #7 - SUBJECT ADDED ENTRY--TOPICAL TERM
Topical term or geographic name as entry element JUVENILE FICTION / Animals / Insects, Spiders, etc..
9 (RLIN) 86832
650 #7 - SUBJECT ADDED ENTRY--TOPICAL TERM
Topical term or geographic name as entry element Truthfulness and falsehood
Form subdivision Fiction.
9 (RLIN) 80627
650 #7 - SUBJECT ADDED ENTRY--TOPICAL TERM
Topical term or geographic name as entry element City and town life
Form subdivision Fiction.
655 #7 - INDEX TERM--GENRE/FORM
Genre/form data or focus term Picture books.
Source of term lcgft
9 (RLIN) 53881
655 #7 - INDEX TERM--GENRE/FORM
Genre/form data or focus term Fiction.
Source of term lcgft
9 (RLIN) 52739
655 #7 - INDEX TERM--GENRE/FORM
Genre/form data or focus term Fiction.
Source of term lcgft
9 (RLIN) 52739
906 ## - LOCAL DATA ELEMENT F, LDF (RLIN)
a 7
b cbc
c copycat
d 2
e ncip
f 20
g y-gencatlg
942 ## - ADDED ENTRY ELEMENTS (KOHA)
Source of classification or shelving scheme
Koha item type Book
Holdings
Withdrawn status Lost status Source of classification or shelving scheme Damaged status Not for loan Home library Current library Date acquired Total Checkouts Full call number Barcode Date last seen Date checked out Price effective from Koha item type
          Logos International School Logos International School 11/11/2025 1 E HAN 041923 03/13/2026 12/17/2025 11/11/2025 Book

For any Logos Library related questions please contact Miss Art at swongnarasuk@asianhope.org.

For any Asian Hope Library related questions please contact Miss Raza at graza@asianhope.org.

Powered by Koha